| 000 | 00563cam a2200205 4500 | ||
|---|---|---|---|
| 008 | 000000n2000 000 0 eng u | ||
| 020 | _a0860178412 | ||
| 035 | _a(Sirsi) u110185 | ||
| 050 | _a333.73 | ||
| 100 | _aJardine, F.M. | ||
| 245 | _aDemonstration of the Geodure solidification/stabilisation system. | ||
| 260 |
_aLondon _bCIRIA _c2000 |
||
| 300 | _a59p. ; 30cm. | ||
| 490 |
_aProject Report _v41 |
||
| 650 | _aCONTAMINATED LAND | ||
| 650 | _aCONTAMINATED WASTE | ||
| 690 | _aENVIRONMENT-CONTAMINATION | ||
| 700 | _aJohnson, S.T. | ||
| 942 | _n0 | ||
| 999 |
_c101071 _d101071 |
||